History Quiz

Random History Quiz

1856 States with No Republican Ballots Quiz Stats

 Plays Quiz not verified by Sporcle

Score 0/13 Timer 05:00
0 Plays Today
State % Correct
Florida
100%
Georgia
100%
Kentucky
100%
South Carolina
100%
Tennessee
100%
Texas
100%
Arkansas
93.8%
Louisiana
93.8%
Mississippi
93.8%
North Carolina
93.8%
Virginia
93.8%
Alabama
87.5%
Missouri
87.5%

You're not logged in!

Compare scores with friends on all Sporcle quizzes.
OR
Log In

You Might Also Like...

Show Comments

Extras

Top Quizzes Today


Score Distribution

Your Account Isn't Verified!

In order to create a playlist on Sporcle, you need to verify the email address you used during registration. Go to your Sporcle Settings to finish the process.

Report this User

Report this user for behavior that violates our Community Guidelines.

Details: